000 00846cam a2200193 a 4500
001 000001306
005 20200929145534.0
008 901031s1790 000 0 spa
040 _aDO-SdBNP
_bspa
_cBNPHU
082 _a227
_bP158h
100 1 _aPaley, Guillermo,
_d1743-1805.
_94417
245 1 0 _aHorae Paulinae :
_bo la verdad de la historia de la escritura de San Pablo probada; una comparación de las epístolas que llevan su nombre con los hechos de los apóstoles y de unas con otras /
_cTraducido por Sara A. Hale.
260 _a[s.l. :
_bs.n.,
_c1790].
300 _a258 p. ;
_c20 cm.
650 4 _aBiblia
_xN.t.
_vEPÍSTOLAS DE SAN PABLO
_xCrítica, interpretación, etc
_94418
650 4 _aBiblia
_xN.t.
_vHECHOS DE LOS APÓSTOLES
_xCrítica, interpretación, etc
_94419
650 4 _aApologética
_94420
700 1 _aHale, Sara A.,
_etr.
_94421
999 _c1244
_d1244